000 00532nam a2200193Ia 4500
003 IN-BaIIA
008 211028s9999 xx 000 0 eng d
040 _cIIA Library
080 _a621.833
_bTUP
100 _aTuplin, W. A.
_95412
245 0 _aGear design
_cW. A. Tuplin
260 _aNew York
_bThe Industrial Press
_c1962
300 _a333p.
650 _aGear
_95413
650 _aGears
_95414
650 _aMechanical devices
_95415
650 _aNASA thesaurus
942 _cBK
999 _c3047
_d3047